00498nam a22001817a 450000500170000001000150001702000260003203500140005803700090007208200110008110000130009224500310010525000060013626000340014227000700017630000190024650000510026520260529144018.0 aENG-148682 a9789349042568c150.00 aEN-132214 bDBAD a88121 aTS Eliot aThe Waste Land/ cTS Eliot a1 aChandigarhbThe Browserc2026 bChandigarhaSCO 14-15, Sector 8-Ce160009mservice@thebrowser.org a56p.c20cm(pb) awith Prufrock, The Hollow Men, and Other Poems